000 01399nam a2200349 c 4500
003 BLK
005 20180711164102.0
008 180411b bul|||||r ||||||| ||bul||
010 _aKNG00205177000
020 _a978-619-150-979-9
_bиздат.: Колибри
040 _aBLK
041 _aBUL
_cBUL
072 7 _2bullib
_aН83
_xЧужда художествена литература Н
080 _aИспанска литература
_b821.134.2
_x-31
_z821.134.2-31
100 1 _aМариас, Хавиер
_eпърви автор
_992647
700 1 _aЦанкова, Теодора Людмилова
_eпрев. от исп.
_9385487
139 _aМариас, Хавиер
_bМ 31
245 1 0 _aСантименталният мъж
_bРоман
_cХавиер Мариас; прев. от исп. Теодора Людмилова Цанкова.
257 _aSPA
260 София
_bКолибри
_c2017
300 _a174 с.
_c20 см
380 _aX
490 1 _aСъвременна европейска проза
500 _aОриг. загл. El hombre sentimental / Javier Marias. - Съдържа и за авт.
653 _aромани
659 _aН
852 _aЦб 285211
856 4 _qpdf
_u
856 4 _qpdf
_u
942 _cKNG
_n0
_01
944 _aCR
_c19.04.2017
_lф /
_kВиолета_Тройчева
944 _aED
_c17.11.2017
_lф /
_kПенка_Димитрова
999 _c195922
_d195922